000 01898nam a22003137a 4500
005 20100802145843.0
010 _aENG-97622 B-431069-073
020 _a9789380096636
_c850.00
035 _aEN-81155 B-431069-073
037 _bDBAD/PUB
037 _bAllied Pub/Ven
082 _a343.540998
245 _aPrint media /
_cedited by S. Jayanti
260 _aNew Delhi
_bAlfa Publications
_c2009
270 _a4398/5, Ansari Road, Daryaganj,
_bNew Delhi
_e110 002
300 _avi, 327p.
_c22cm (Hb)
500 _aIncludes index
650 _aJournalistic ethics
_928474
650 _aPress law
_928475
700 _aJayanti, S.
_94353
942 _2ddc
_cEN
_h343.540988
_mPRI
999 _c38713
_d38713